00559nam a2200145Ia 4500008004100000245018000041260001800221260000900239300000800248500001400256650001300270856003800283999001900321952007300340170516s9999 xx 000 0 und d aNovel Solid Self-Nanoemulsifying Drug Delivery System (S-SNEDDS) for Oral Delivery of Olmesartan Medoxomil: Design, Formulation, Pharmacokinetic and Bioavailability Evaluation bPharmaceutics c2016 a8:3 aSeptember xPharmacy uhttp://www.mdpi.com/1999-4923/8/3 c331652d331652 001040aCLbCLd2017-05-16l0r2017-05-16 00:00:00w2017-05-16yFOJ